الربا و المعاملات في الإسلام / (رقم التسجيلة. 1141)
[ عرض عادي ]
| 000 -الفاتح | |
|---|---|
| عناصر البيانات ثابتة الطول | 00908cam a2200217 i 4500 |
| 005 - تاريخ ووقت آخر معاملة | |
| حقل ضبط | 20251211115451.0 |
| 008 - عناصر البيانات ثابتة الطول | |
| عناصر البيانات ثابتة الطول | 250721s1986 le gr 000 0 ara d |
| 082 14 - رقم تصنيف ديوي العشري | |
| رقم التصنيف | 216,34 |
| رقم المادة | ر ض ا |
| 100 1# - مدخل رئيسي – اسم شخصي | |
| الاسم الشخصي | رضا، محمد رشيد |
| علاقة الشخص بالعمل/ دوره | مؤلف. |
| 245 12 - بيان العنوان | |
| العنوان | الربا و المعاملات في الإسلام / |
| بيان المسؤولية | تأليف السيد الامام محمد رشيد رضا ؛ كتب مقدمتها واتمها فضيلة الاستاذ العلامة الشيخ محمد بهجة البيطار. |
| 250 ## - بيان الطبعة | |
| بيان الطبعة | الطبعة الاولى. |
| 264 31 - بيانات النشر، التوزيع…إلخ | |
| مكان النشر، التوزيع...إلخ | القاهرة : |
| اسم الناشر، الموزع...إلخ | دار الكليات الأزهرية، |
| تاريخ النشر، التوزيع...إلخ | 1986. |
| 264 31 - بيانات النشر، التوزيع…إلخ | |
| مكان النشر، التوزيع...إلخ | بيروت : |
| اسم الناشر، الموزع...إلخ | دار ابن زيدون، |
| تاريخ النشر، التوزيع...إلخ | 1986. |
| 300 ## - الوصف المادي | |
| عدد الوحدات المكونة للوعاء | 175صفحة. |
| 650 17 - مدخل إضافي بالموضوع - مصطلح موضوعي | |
| مصطلح موضوعي أو اسم جغرافي كعنصر مدخل | الإسلام. |
| 650 17 - مدخل إضافي بالموضوع - مصطلح موضوعي | |
| مصطلح موضوعي أو اسم جغرافي كعنصر مدخل | الفقه. |
| 650 17 - مدخل إضافي بالموضوع - مصطلح موضوعي | |
| مصطلح موضوعي أو اسم جغرافي كعنصر مدخل | المعاملات (فقه إسلامي). |
| 650 17 - مدخل إضافي بالموضوع - مصطلح موضوعي | |
| مصطلح موضوعي أو اسم جغرافي كعنصر مدخل | الربا. |
| 942 ## - بيانات إضافية (كوها) | |
| نوع التنصيف | Dewey Decimal Classification |
| نوع المادة (كوها) | كتب |
| حالة السحب | حالة الفقدان | مصدر التصنيف | حالة التلف | غير قابل للإعارة | المكتبة الرئيسية | المكتبة الحالية | موقع الرف | تاريخ التزويد | الرقم المتسلسل | Total Checkouts | رقم الإستدعاء | الباركود | تاريخ آخر ظهور | تاريخ الفاتورة | نوع المادة (كوها) |
|---|---|---|---|---|---|---|---|---|---|---|---|---|---|---|---|
| Dewey Decimal Classification | المكتبة المركزية | المكتبة المركزية | الإعارة | 06/07/2004 | 259273 | 216,34 / ر ض ا | 259273 | 28/07/2025 | 06/07/2004 | كتب | |||||
| Dewey Decimal Classification | Unchecked | مكتبة الاميرة بديعة | مكتبة الاميرة بديعة | الإعارة | 06/07/2004 | 6429 | 216,34/رضا | 28/07/2025 | 06/07/2004 | كتب | |||||
| Dewey Decimal Classification | مكتبة الجويدة | مكتبة الجويدة | الإعارة | 09/06/2015 | (6404) | 216,34/رضا | PLD00329651 | 28/07/2025 | 09/06/2015 | كتب | |||||
| Dewey Decimal Classification | مكتبة النصر العامة | مكتبة النصر العامة | الإعارة | 19/11/2014 | [9185] | 216,34/رضا | PLD00310942 | 28/07/2025 | 19/11/2014 | كتب | |||||
| Dewey Decimal Classification | Unchecked | مكتبة حمزة العامة | مكتبة حمزة العامة | الإعارة | 06/07/2004 | 6307 | 216,34/رضا | 28/07/2025 | 06/07/2004 | كتب | |||||
| Dewey Decimal Classification | مكتبة صويلح العامة | مكتبة صويلح العامة | الإعارة | 03/11/2015 | [13485 | 216,34/رضا | PLD00361960 | 28/07/2025 | 03/11/2015 | كتب | |||||
| Dewey Decimal Classification | مكتبة وادي السير العامة | مكتبة وادي السير العامة | الإعارة | 03/03/2016 | [7296.] | 216,34/رضا | PLD00377883 | 28/07/2025 | 03/03/2016 | كتب |